Ruska čitanka dlja gimnazij. i gorož. škol. [T.] 2. /

Main Author: Birčak, Volodymyr, 1881-1945
Language: Undetermined
Published: Praha : Státní nakladatelství, 1922
Physical Description: 237 s.
Book
Saved in:
LEADER 00616nam a2200181 a 4500
001 000622082
003 CZ BrMZK
005 20020911092853.0
008 020911s1922 xr f und d
040 |a BOA001  |b cze  |c BOA001 
100 1 |a Birčak, Volodymyr,  |d 1881-1945  |7 js2006303617  |4 aut 
245 1 0 |a Ruska čitanka dlja gimnazij. i gorož. škol.  |n [T.] 2. /  |c Volodimir Birčak 
260 |a Praha :  |b Státní nakladatelství,  |c 1922 
300 |a 237 s. 
910 |a BOA001  |b PK-II-0009.963,2 
990 |a BK 
993 |a Y 
996 6 |b BC-48624  |c PK-II-0009.963,2  |l MZK  |r Sklad / do 1 hodiny  |n 0  |w 000622082  |u 000010  |a 1  |e BOA001  |j MZK50  |s P